000 00744cam a2200253 a 4500
001 000007167
005 20200929154102.0
008 900601s1990 sp 000 f fre
020 _a8423318729
040 _aDO-SdBNP
_bfre
_cDLC
_dBNPHU
082 _a849.9354
_bS159m
100 1 _aSaladrigas, Robert,
_d1940-
_919901
245 1 0 _aMemorial de Claudi M. Broch /
_cRobert Saladrigas.
260 _aBarcelona :
_bDestino,
_c1990.
300 _a317 p. ;
_c21 cm.
490 1 _aNancova
_v29
650 4 _aNovela catalana
_919902
650 4 _aNovela espaƱola
_91123
650 4 _aVida religiosa
_vNOVELA
_919903
650 4 _aLiteratura catalana
_93128
830 0 _aNancova ;
_v29
_919904
910 _aCatalogación derivada.
049 _aBNGR
999 _c6948
_d6948